Mario Kart World Reactions - Statistics

General Stats
  • This quiz has been taken 6 times
  • The average score is 6 of 15
Answer Stats
Reaction % Correct
80 DOLLARS?!
60%
DROP THE PRICES
60%
ooh this game is actually pretty cool
60%
80 DOLLARS FOR ONE GAME?!
40%
I'M SUING!
40%
NINTENDO IS MONEY HUNGRY
40%
RIGGED
40%
SCAMMED
40%
THAT'S MY LIFE SAVINGS!
40%
UNFAIR
40%
WAY TOO MUCH MONEY
40%
NINTENDO'S GREEDY
20%
NOT WORTH 80 BUCKS
20%
THEY'RE DELUSIONAL
20%
WHAT A RIP-OFF!
20%
No matching quizzes found
Score Distribution
Percent of People with Each Score
Percentile by Number Answered
Your Score History
You have not taken this quiz